1142 1264 1831 1837 1570 1681 1625 1544 1713 1386 1361 1179 1947 1278 1286 1591 1750 1255 1039 1359 1672 1761 1347 1628 1291 1763 1146 1091 1888 1269 1785 1603 1716 1114 1951 1365 1515 1920 1432 1922 1561 1375 1626 1800 1836 1687 1930 1154 1148 1400 1744 1721 1892 1119 1187 1046 1726 1455 1889 1865 1324 1344 1842 1898 1767 1087 1063 1769 1448 1279 1930 1382 1749 1006 1092 1361 1423 1669 1202 1254 1866 1481 1150 1885 1137 1232 1491 1722 1452 1877 1600 1961 1943 1288 1196 1114 1885 1992 1845 BCNSPRNW ULIB Ver.6.0+V

เปลี่ยนเป็นภาษาไทย

Change to English
 แสดงรายละเอียดบรรณานุกรม
  กลับหน้าหลัก

Brief Record : Get Marc (ISO 2709) : E-mail record : QR code < ปิดหน้าต่าง
LEADER : 00000nam 2200000uu 4500
001    13399111719
003     ULIB
008    110707s2554||||th 000 0 tha d
024    9786165001489
090    นว.^bอ334ว 2554
100 0  อรพิม
245 00 วิญญาณป่วนรัก/^cอรพิม
260    กรุงเทพฯ :^bพิมพ์คำ,^c2554
300    414 หน้า
945    ^p250^l0^i18287
995     เกษร
999     ^aใช้งานได้ทุกระบบ
รายการนี้ยังไม่มีแท็ก
คุณยังไม่ได้ล็อกอิน คุณสามารถมีกิจกรรมร่วมกับเว็บไซต์ได้ แต่ต้องล็อกอินก่อน ::
  ล็อกอิน

รายการสื่อสารสนเทศ

ลำดับที่ ประเภท เลขเรียก/บาร์โค้ด สถานที่ สถานะ
1. วิทยาศาสตร์การแพทย์ และสุขภาพ
วิทยาศาสตร์การแพทย์ และสุขภาพ
นว. อ334ว 2554  
  Barcode: 18287
ห้องสมุดวิทยาเขตสวรรค์ประชารักษ์
►นวนิยาย
บนชั้น
  ขอยืม

รายการใกล้เคียง
    ผู้แต่ง [อรพิม]

BibComment


ยังไม่เคยถูกคอมเมนท์

คอมเมนท์ทรัพยากรรายการนี้
  คอมเมนท์: วิญญาณป่วนรัก อรพิม


 Copyright 2026. Bcnsprnw @Library